| 000 | 00813nam a2200265 a 4500 | ||
|---|---|---|---|
| 001 | 58031 | ||
| 003 | BD-RjUL | ||
| 005 | 20211209080559.0 | ||
| 008 | 161215s2005 mauab 001 0 eng | ||
| 020 | _a0072819359 | ||
| 020 | _a007111212X (International ed.) | ||
| 035 | _a(BD-RjUL) 58155 | ||
| 040 |
_aDLC _cDLC _dDLC _dBD-RjUL _beng |
||
| 041 | _aeng | ||
| 082 | 0 | 0 |
_a330 _223 _bMCE 2005 |
| 100 | 1 |
_aMcConnell, Campbell R. _9172353 |
|
| 245 | 1 | 0 |
_aEconomics : _bprinciples, problems and policies / _cCampbell R. McConnell and Stanley L. Brue. |
| 250 | _a16th ed. | ||
| 260 |
_aBoston, Mass. ; _aLondon : _bMcGraw-Hill, _cc2005. |
||
| 300 |
_axxx, 731 p. : : _bill. ; _c27 cm. |
||
| 500 | _aIncludes index. | ||
| 650 | 0 |
_aEconomics. _9170576 |
|
| 700 | 1 |
_aBrue, Stanley L., _d1945- _9172354 |
|
| 942 |
_2ddc _cBK |
||
| 999 |
_c58031 _d58031 |
||